LEADER 01245nam0 22002531i 450 001 UON00184117 005 20231205103145.510 010 $a88-207-0975-9 100 $a20030730d1981 |0itac50 ba 101 $aita 102 $aIT 105 $a|||| 1|||| 200 1 $aˆL'‰economia morale dei contadini$erivolta e sussistenza nel Sud-Est asiatico$fJames C. Scott$eintroduzione di Pasquale Villani 210 $aNapoli$cLiguori$d1981 - 2 89 p. ; 22 cm 316 $aIl volume è collocato nei cantinati della Sezione Giusso, attualmente non accessibili.$5IT-UONSI III STORIAASI/0445 410 1$1001UON00051247$12001 $aCollana di storia moderna e contemporanea$v5 606 $aSUD EST ASIATICO$xSviluppo agricolo$xStudi$3UONC035710$2FI 700 1$aSCOTT$bJames C.$3UONV036302$0148325 801 $aIT$bSOL$c20240220$gRICA 899 $aSIBA - SISTEMA BIBLIOTECARIO DI ATENEO$2UONSI 912 $aUON00184117 950 $aSIBA - SISTEMA BIBLIOTECARIO DI ATENEO$dSI III STORIAASI 0445 $eSI SC 24528 5 0445 Il volume è collocato nei cantinati della Sezione Giusso, attualmente non accessibili. 996 $aEconomia morale dei contadini$9727412 997 $aUNIOR LEADER 03036nam 2200565 450 001 9910813091403321 005 20230828211127.0 010 $a1-4698-6714-1 010 $a1-4511-6556-0 035 $a(CKB)1000000000753721 035 $a(SSID)ssj0000352765 035 $a(PQKBManifestationID)11277405 035 $a(PQKBTitleCode)TC0000352765 035 $a(PQKBWorkID)10285646 035 $a(PQKB)11578142 035 $a(MiAaPQ)EBC3418570 035 $a(MiAaPQ)EBC2032515 035 $a(Au-PeEL)EBL3418570 035 $a(CaPaEBR)ebr10826557 035 $a(CaONFJC)MIL73073 035 $a(OCoLC)923528728 035 $a(EXLCZ)991000000000753721 100 $a20140124h20062006 uy 0 101 0 $aeng 135 $aurcnu|||||||| 181 $ctxt 182 $cc 183 $acr 200 00$aChild neurology /$fedited by John H. Menkes, Harvey B. Sarnat, Bernard L. Maria 205 $aSeventh edition. 210 1$aPhiladelphia, Pennsylvania :$cLippincott Williams & Wilkins,$d2006. 210 4$d©2006 215 $a1 online resource (1200 pages) $cillustrations, tables 300 $aBibliographic Level Mode of Issuance: Monograph 311 $a0-7817-5104-7 320 $aIncludes bibliographical references and index. 327 $aInherited metabolic diseases of the nervous system / John H. Menkes and William R. Wilcox -- Mitochondrial encephalomyopathies / Harvey B. Sarnat and John H. Menkes -- Heredodegenerative diseases / John H. Menkes -- Chromosomal anomalies and contiguous-gene syndromes / John H. Menkes and Rena E. Falk -- Neuroembryology, genetic programming, and malformations of the nervous system / Harvey B. Sarnat ... [et al.] -- Perinatal asphyxia and trauma / John H. Menkes and Harvey B. Sarnat -- Infections of the nervous system / Bernard L. Maria, James F. Bale, Jr., and G. Ellis Ziel -- Autoimmune and postinfectious diseases / Agustin Legido ... [et al.] -- Postnatal trauma and injuries by physical agents / John H. Menkes and Richard G. Ellenbogen -- Toxic and nutritional disorders / John H. Menkes -- Tumors of the nervous system / Bernard L. Maria and John H. Menkes -- Neurocutaneous syndromes / Bernard L. Maria and John H. Menkes -- Cerebrovascular disorders / Cesar C. Santos and E. Steve Roach -- Paroxysmal disorders / Raman Sankar ... [et al.] -- Headaches and nonepileptic episodic disorders / A. David Rothner and John H. Menkes -- Diseases of the motor unit / John H. Menkes and Harvey B. Sarnat -- Neurologic manifestations of systemic illness / S. Robert Snodgrass -- Disorders of mental development / Marcel Kinsbourne and Frank Wood. 606 $aPediatric neurology 615 0$aPediatric neurology. 676 $a618.92/8 701 $aMenkes$b John H.$f1928-$0483188 701 $aSarnat$b Harvey B$01712818 701 $aMaria$b Bernard L$01712819 801 0$bMiAaPQ 801 1$bMiAaPQ 801 2$bMiAaPQ 906 $aBOOK 912 $a9910813091403321 996 $aChild neurology$94105296 997 $aUNINA